LEADER 00894nam0-22003491i-450- 001 990004000980403321 005 20040219142937.0 010 $a88-386-6060-3 020 $aIT 035 $a000400098 035 $aFED01000400098 035 $a(Aleph)000400098FED01 035 $a000400098 100 $a20040219d2002----km-y0itay50------ba 101 0 $aita 102 $aIT 105 $ay-------001yy 200 1 $aAutoCAD 2002$fJames A. Leach 210 $aMilano$cMcGraw-Hill$d[2002] 215 $aXXXI, 1280 p.$cill$d27 cm 225 1 $aWorkbooks 488 1$1001IT\ICCU\UBO?357$12001 610 0 $aAutoCAD 676 $a006.686$v19$zita 700 1$aLeach,$bJames A.$0151314 801 0$aIT$bUNINA$gRICA$2UNIMARC 901 $aBK 912 $a990004000980403321 952 $aTECN B 1528$b12738$fFARBC 959 $aFARBC 996 $aAutoCAD 2002$9472147 997 $aUNINA